000 00606nam a2200193Ia 4500
003 GCL
008 140319s9999 xx 000 0 ara d
040 _aGCL /
_cGCL
082 0 4 _a813
_bا م
100 1 _aاسحق موسى الحسينى
245 1 0 _aمذكرات دجاجة /
_cاسحق موسى الحسينى
260 _aالقاهرة :
_bوزارة الثقافة ،
_c2003
300 _a95 ص ؛
_c20 سم
490 _aالكتاب للجميع
_v0
650 0 4 _aالادب العربى
650 0 4 _aالقصة العربية
650 0 4 _aالحيوانات - قصص
942 _2ddc
_cBK
999 _c33652
_d33652